000
00302cam a22001097a 4500
008
180718b1971 xxu||||| |||| 00| 0 eng d
082
_a
T19x5125 H775
100
_a
Hopkins,Keith
245
_a
Hong Kong : The Industrial colony
_c
Edited by Keith Hopkins
260
_a
London
_b
Oxford
_c
1971
300
_a
422p
999
_c
412294
_d
412294